[Event "AUT-ch U16"]
[Site "St Veit"]
[Date "2021.10.29"]
[Round "7.9"]
[White "Marte, Lukas"]
[Black "Liotta, Marcel"]
[Result "1-0"]
[WhiteElo "1656"]
[BlackElo "1515"]
[PlyCount "73"]
[EventDate "2021.10.25"]
[EventType "swiss"]
[EventRounds "7"]
[EventCountry "AUT"]
[SourceTitle "EXT 2023"]
[Source "ChessBase"]
[SourceDate "2022.10.05"]
[SourceVersion "1"]
[SourceVersionDate "2022.10.05"]
[SourceQuality "1"]

1. e4 c5 2. Nf3 Nc6 3. d4 cxd4 4. Nxd4 g6 5. Be3 Bg7 6. Nc3 Nf6 7. f3 0-0 8. Qd2 d5 9. 0-0-0 Nxd4 10. Bxd4 dxe4 11. fxe4 Qa5 12. Bc4 a6 13. Kb1 b5 14. Bb3 Bb7 15. Bd5 Bxd5 16. Nxd5 Qd8 17. Nxf6+ Bxf6 18. Bxf6 exf6 19. Qf4 Qe7 20. Rhf1 Kg7 21. a3 Qe5 22. Rd6 Rfe8 23. Rxf6 Qxf4 24. R1xf4 Ra7 25. Rb6 Re6 26. Rxe6 fxe6 27. c3 Rd7 28. Kc2 e5 29. Rf3 h5 30. g3 Rf7 31. Rxf7+ Kxf7 32. Kd3 Ke6 33. c4 Kd6 34. h4 Kc5 35. b4+ Kc6 36. cxb5+ Kxb5 37. Kc3 1-0